A guide to drawn information (small practices). (Record no. 54422)
[ view plain ]
| 000 -LEADER | |
|---|---|
| fixed length control field | 00897nam a2200241 4500 |
| 001 - CONTROL NUMBER | |
| control field | vtls003273746 |
| 003 - CONTROL NUMBER IDENTIFIER | |
| control field | MY-SjTCS |
| 005 - DATE AND TIME OF LATEST TRANSACTION | |
| control field | 20200306165322.0 |
| 008 - FIXED-LENGTH DATA ELEMENTS--GENERAL INFORMATION | |
| fixed length control field | 171023t1999uuuuxx# eng d |
| 020 ## - INTERNATIONAL STANDARD BOOK NUMBER | |
| International Standard Book Number | 1859460518 |
| 020 ## - INTERNATIONAL STANDARD BOOK NUMBER | |
| International Standard Book Number | 9781859460511 |
| 035 ## - SYSTEM CONTROL NUMBER | |
| System control number | RIBAB0000080 |
| 039 #9 - LEVEL OF BIBLIOGRAPHIC CONTROL AND CODING DETAIL [OBSOLETE] | |
| -- | 201710231519 |
| -- | shuhada |
| 041 0# - LANGUAGE CODE | |
| Language code of text/sound track or separate title | eng |
| 100 1# - MAIN ENTRY--PERSONAL NAME | |
| Personal name | Hill, Mervyn. |
| 9 (RLIN) | 263827 |
| 245 10 - TITLE STATEMENT | |
| Title | A guide to drawn information (small practices). |
| Medium | [electronic resource] / |
| Statement of responsibility, etc. | Hill, Mervyn. |
| 260 ## - PUBLICATION, DISTRIBUTION, ETC. | |
| Place of publication, distribution, etc. | [S.l.] : |
| Name of publisher, distributor, etc. | Royal Institute of British Architects, |
| Date of publication, distribution, etc. | 1999. |
| 300 ## - PHYSICAL DESCRIPTION | |
| Extent | 1 online resource (72 p.) |
| 650 #0 - SUBJECT ADDED ENTRY--TOPICAL TERM | |
| Topical term or geographic name entry element | Graphic methods. |
| 9 (RLIN) | 263828 |
| 655 #4 - INDEX TERM--GENRE/FORM | |
| Genre/form data or focus term | Electronic books. |
| 9 (RLIN) | 201578 |
| 700 1# - ADDED ENTRY--PERSONAL NAME | |
| Personal name | Hill, Mervyn. |
| 9 (RLIN) | 263829 |
| 856 40 - ELECTRONIC LOCATION AND ACCESS | |
| Uniform Resource Identifier | https://ezproxy.taylors.edu.my/login?url=http://portal.igpublish.com/iglibrary/search/RIBAB0000080.html |
| Public note | An electronic book accessible through the World Wide Web; click to view |
| Withdrawn status | Lost status | Damaged status | Not for loan | Home library | Current library | Date acquired | Total Checkouts | Date last seen | Price effective from | Koha item type |
|---|---|---|---|---|---|---|---|---|---|---|
| e-book | Taylor's Library-TU | Taylor's Library - Perpetual(TU) | 07/04/2026 | 07/04/2026 | 07/04/2026 | Main Collection |